The illustrated dinosaur dictionary

Bibliographic Details
Main Author: Sattler, Helen Roney (Author)
Format: Book
Published: New York : Lothrop, Lee & Shepard , c1983
Subjects:

MARC

LEADER 00000cam a2200000 7i4500
001 0000003729
005 20030423093000.0
008 021118s1983
020 |a 0688004792 
090 0 0 |a QE862.D5   |b S226 1983 
100 0 |a Sattler, Helen Roney ,   |e author 
245 1 4 |a The illustrated dinosaur dictionary   |c Helen Roney Sattler 
260 2 |a New York :   |b Lothrop, Lee & Shepard ,   |c c1983 
300 |a 315 p. ;   |c 26 cm. 
504 |a Includes index 
650 0 |a Dinosaurs   |x Dictionaries 
999 |a 1000051927   |b Book   |c Reference   |e Gong Badak Campus